MARC

Tag First Indicator Second Indicator Subfields
LEADER 00000cam a2200000 a 4500
001 in00002771908
005 20211120164821.0
006 m | d f
007 cr mn|||||||||
008 120531s2011 paua cob f000 0 eng c
035 |a (OCoLC)ocn794557831 
040 |a GPO  |c GPO  |d MvI  |d UtOrBLW 
042 |a pcc 
049 |a WWW 
074 |a 0499-F-22 (online) 
086 0 |a HE 20.7131:9684 
100 1 |a Moore, Susan M. 
245 1 0 |a Practical demonstrations of ergonomic principles /  |c by Susan M. Moore, Janet Torma-Krajewski, Lisa J. Steiner. 
264 1 |a Pittsburgh, PA :  |b Dept. of Health and Human Services, Centers for Disease Control and Prevention, National Institute for Occupational Safety and Health, Pittsburgh Research Laboratory,  |c [2011] 
300 |a 1 online resource (7, 57 pages) :  |b color illustrations 
336 |a text  |b txt  |2 rdacontent 
337 |a computer  |b c  |2 rdamedia 
338 |a online resource  |b cr  |2 rdacarrier 
490 1 |a Report of investigations ;  |v 9684 
490 1 |a DHHS (NIOSH) publication ;  |v no. 2012-191 
500 |a "July 2011." 
504 |a Includes bibliographical references (pages 56-57). 
505 0 |a Acknowledgements -- Glossary -- 1. Introduction -- 2. Neutral postures -- [3. Grip types] -- 4. Hand-tool selection and use -- 5. Fatigue failure and back pain -- Appendix A: Suggested supplies -- Appendix B: Useful images for handouts -- References. 
500 |a Title from title screen (viewed on May 31, 2012). 
500 |a Electronic resource. 
650 0 |a Human engineering. 
650 0 |a Industrial accidents. 
650 0 |a Musculoskeletal system  |x Diseases. 
650 0 |a Musculoskeletal system  |x Wounds and injuries. 
700 1 |a Steiner, Lisa J. 
700 1 |a Torma-Krajewski, Janet,  |d 1949- 
710 2 |a National Institute for Occupational Safety and Health. 
710 2 |a Pittsburgh Research Laboratory (National Institute for Occupational Safety and Health) 
776 0 8 |i Print version:  |a Moore, Susan M.  |t Practical demonstrations of ergonomic principles  |w (OCoLC)767969648 
830 0 |a Report of investigations (National Institute for Occupational Safety and Health) ;  |v 9684. 
830 0 |a DHHS publication ;  |v no. (NIOSH) 2012-191. 
856 4 0 |u https://purl.fdlp.gov/GPO/gpo23491  |t 0 
999 |a MARS 
999 f f |s 685617aa-2006-333f-9e17-ad4a23344eae  |i 8fd375af-7745-3fb5-8e02-7acc67dfc8bc  |t 0 
952 f f |a Texas A&M University  |b College Station  |c Electronic Resources  |d Available Online  |t 0  |e HE 20.7131:9684  |h Superintendent of Documents classification 
998 f f |a HE 20.7131:9684  |t 0  |l Available Online